Responses for Show #7688 - Wednesday, January 31, 2018

Ryan Fenster game 3.

Contestants

[<< previous game]

Elizabeth Connor, an art director from Brooklyn, New York

Nate Pochomis, an airline pilot from West Grove, Pennsylvania

Ryan Fenster, a banker from SeaTac, Washington (whose 2-day cash winnings total $41,999)

[next game >>]

Jeopardy! Round responses

A STASH OF MUSTACHES
NICKNAMES FOR NATIVES
ON STAGE
THE HUNGARY GAMES
CATCHING "FIRE"
MOCKING JAY
    $200 2
Groucho Marx

Elizabeth
    $200 17
United Arab Emirates

Nate
    $200 5
(Anton) Chekhov

Nate
    $200 29
(Ryan: Who is Rubiks?)
...
(Alex: You added an "S"; it's a common mistake. His name is [*].)

Ernő Rubik

Ryan
Triple Stumper
    $200 6
backfire

Nate
    $200 13
(Nate: Who is Fallon?)

Jay Leno

RyanNate
    $400 3
Fu Manchu

Elizabeth
    $400 19
(Ryan: Uh, what is Marseille?)
(Elizabeth: What is the [*]?)

Marseillaise

RyanElizabeth
    $2,000 24
(Elizabeth: What is H.M.S. Pinafore?)

The Pirates of Penzance

Elizabeth
    $400 1
the alphabet

Nate
    $400 10
St. Elmo's fire

Ryan
    $400 14
Cheers

Elizabeth
    $600 4
the 1970s

Nate
    $600 20
Tar Heels

Ryan
    $600 25
Raisin

Nate
    $600 22
(Ryan: What is the rook?)

king

RyanNate
    $600 8
(Harvey) Firestone

Ryan
    $600 15
Jerry Maguire

Elizabeth
    $800 12
John Waters

Elizabeth
    $800 18
Ireland

Elizabeth
    $800 26
Noël Coward

Ryan
    $800 23
hopscotch

Elizabeth
    $800 7
Fire Island

Nate
    $800 16
Super Troopers

Nate
    $1000 11
Schweitzer

Ryan
    $1000 21
Medicine Hat

Ryan
    $1000 27
The Little Foxes

Triple Stumper
    $1000 30
water polo

Ryan
    $1000 9
(Ryan: Who are the...)
(Alex: Oh, darn.)

Campfire

RyanElizabeth
    $1000 28
Jay Pharoah

Triple Stumper

Scores at the first commercial break (after clue 15):

Ryan Nate Elizabeth
$1,200 $2,000 $3,400

Scores at the end of the Jeopardy! Round:

Ryan Nate Elizabeth
$3,400 $4,200 $3,400

Double Jeopardy! Round responses

PUERTO RICO STRONG
(Alex: Yes!)
2-WORD SONG TITLES
THE PHARAOHS
GANGSTERS
EUROPEAN ART
LOSER!
    $400 6
Maria

Ryan
    $400 1
[Ryan selected the first clue.]
(Ryan: What is "Forget Me"?)

"Love Yourself"

RyanNate
    $400 24
King Tut

Nate
    $400 11
Capone

Nate
    $400 17
(Ryan: Who is El Greco?)

(Francisco) Goya

RyanNate
    $400 12
runner-up

Elizabeth
    $800 7
San Juan

Nate
    $800 2
"Kiss Me"

Nate
    $800 25
the Great Pyramid

Ryan
    $800 18
Luciano

Elizabeth
    $800 19
The Night Watch

Ryan
    $800 13
flop

Nate
    $1200 8
(Roberto) Clemente

Nate
    $1200 3
(Ryan: What is "Hey Ho"?)
...
(Alex: You had it backwards, Ryan, it's [*], not "Hey Ho".)

"Ho Hey"

Ryan
Triple Stumper
    $1200 28
Ramesses

Ryan
    $4,000 30
(Ryan: What is...)
(Alex: Hurry.)
(Ryan: Uh, what is [*]?)
(Alex: You picked the right one.)
(Ryan: Phew.)

Las Vegas

Ryan
    $1200 23
the Pietà

Nate
    $1200 14
defeated

Elizabeth
    $1600 9
Ponce de León

Ryan
    $1600 4
(Ryan: What's an ex-President?)
...
[Audience laughs]
(Alex: Coming atcha like a [*], which James K. Polk was.)

"Dark Horse"

Ryan
Triple Stumper
    $1600 27
upper and lower

Ryan
    $1600 29
Boss of All Bosses

Ryan
    $1600 22
Bayeux Tapestry

Ryan
    $1600 15
a sore loser

Nate
    $2000 10
(Ryan: What is the Embargo Act?)
(Elizabeth: What is the Johnson Act?)
...
(Alex: It's the [*], not the Johnson.)

Jones Act

RyanElizabeth
Triple Stumper
    $2000 5
"Shining Star"

Triple Stumper
    $3,000 26
(Ryan: What is [*], aten?)

the sun

Ryan
    $2000 20
(Nate: What is Murders, Inc.?)
...
(Alex: Yes; this time, he made--he added the--the "S".)

Murder, Inc.

RyanNate
    $2000 21
(Ryan: What's the Moulin Rouge?)
...
(Alex: What is [*]? The Moulin Rouge is one specific place.)

Montmartre

Ryan
Triple Stumper
    $2000 16
Vanquished

Elizabeth

Scores at the end of the Double Jeopardy! Round:

Ryan Nate Elizabeth
$14,400 $10,200 $5,800

[wagering suggestions for these scores]

Final Jeopardy! Round responses

FOOD BRANDS
(Alex: It's right on the border between Oregon and Idaho.)
ElizabethWhat is Ore-Ida?
$5,800
NateWhat is
$1,801
RyanWhat is Ore-Ida
$11,000
Ore-Ida

Final scores:

Ryan Nate Elizabeth
$25,400 $8,399 $11,600
3-day champion: $67,399 3rd place: $1,000 2nd place: $2,000

Game dynamics:

Coryat scores:

Ryan Nate Elizabeth
$10,600 $10,200 $7,800
19 R
(including 2 DDs),
10 W
19 R,
2 W
13 R,
2 W
(including 1 DD)

Combined Coryat: $28,600

[game clues] [game scores] [suggest correction]

Game tape date: 2017-11-07
The J! Archive is created by fans, for fans. Scraping, republication, monetization, and malicious use prohibited; this site may use cookies and collect identifying information. See terms. The Jeopardy! game show and all elements thereof, including but not limited to copyright and trademark thereto, are the property of Jeopardy Productions, Inc. and are protected under law. This website is not affiliated with, sponsored by, or operated by Jeopardy Productions, Inc. Join the discussion at JBoard.tv.